000
00308nam a22001337a 4500
008
170810b xxu||||| |||| 00| 0 eng d
020
_a
9780470074268
041
_a
eng
080
_2
5TH
_a
004
100
_a
35
101
_a
SHK
245
_a
DESIGNING EFFECTIVE INSTRUCTION
_c
MORRISON,G.R
942
_2
udc
_c
BK
999
_c
23179
_d
23179